000 00740nam a2200253 a 4500
001 2593
003 BD-RjUL
005 20211208233603.0
008 131212s1981 ii 001 0 eng d
035 _a(BD-RjUL)
040 _aDLC
_cDLC
_dDLC
_dBD-RjUL
_beng
041 _aeng
082 0 0 _a330.954
_219
_bSEE
100 1 _aSen, Sunil Kumar.
_98384
245 1 3 _aAn economic history of modern India, 1848-1939 /
_cSunil Kumar Sen.
260 _aCalcutta :
_bProgressive Publishers,
_cc1981.
300 _a368 p. ;
_c22 cm.
504 _aBibliography: p. [358]-364.
651 0 _aIndia
_xEconomic conditions.
_98385
651 0 _aIndia
_xEconomic policy.
_98371
942 _2ddc
_cBK
999 _c2593
_d2593